书目信息 |
| 题名: |
中医情绪心理学
|
|
| 作者: | 王福顺 | |
| 分册: | ||
| 出版信息: | 北京 中国中医药出版社 2015.11 |
|
| 页数: | 368页 | |
| 开本: | 20cm | |
| 丛书名: | ||
| 单 册: | ||
| 中图分类: | R229 | |
| 科图分类: | ||
| 主题词: | 中医医学基础 | |
| 电子资源: | ||
| ISBN: | 7-5132-2686-5 | |
| 000 | 00593nam0 2200205 450 | |
| 001 | 2956 | |
| 005 | 20161207091439.98 | |
| 010 | @a7-5132-2686-5@dCNY55.00 | |
| 100 | @a20150811d2015 km y0chiy0120 ea | |
| 101 | 0 | @achi |
| 102 | @aCN@b110000 | |
| 200 | 1 | @a中医情绪心理学@Azhong yi qing xu xin li xue@f王福顺@Fwang fu shun |
| 210 | @a北京@c中国中医药出版社@d2015.11 | |
| 215 | @a368页@d20cm | |
| 330 | @a中国医药学·医学心理学 | |
| 606 | 0 | @a中医医学基础 |
| 690 | @aR229@v4 | |
| 701 | 0 | @a王福顺@Awang fu shun |
| 801 | 0 | @aCN@b大连网信软件有限公司图书馆·11@c20161207 |
| 905 | @aZUCC@dR229@e369 | |
| 中医情绪心理学/王福顺.-北京:中国中医药出版社,2015.11 |
| 368页;20cm |
| ISBN 7-5132-2686-5:CNY55.00 |
| 中国医药学·医学心理学 |
| ● |
| 相关链接 |
|
|
|
|
正题名:中医情绪心理学
索取号:R229/369
 
预约/预借
| 序号 | 登录号 | 条形码 | 馆藏地/架位号 | 状态 | 备注 |
| 1 | 912255 | 209122554 | 第二样本阅览室/ [索取号:R229/369] | 在馆 | |
| 2 | 912256 | 209122563 | 密集书库-生命科学系/ [索取号:R229/369] | 在馆 | |
| 3 | 912257 | 209122572 | 第三借阅区/ [索取号:R229/369] | 在馆 | |
| 4 | 912258 | 209122581 | 第三借阅区/ [索取号:R229/369] | 在馆 |